00734cam a2200229 i 45000010008000000030009000080050017000170080041000340100017000750200012000920400028001040430021001320500023001530820020001761000029001962450067002252600046002923000051003385040032003896000029004216510054004501759786BDDh-ASL20231015030408.0760427s1974 ii af b 000 0aeng  a 75903879  cRs25.00 aDLCcDLCdDLCdBDDh-ASL aa-ii---aa-pk---00aDS485.P2bU33 197400a954.55035bGRL 0 aUdham Singh,d1899-1940.10aLetters of Udham Singh /cedited by J. S. Grewal & H. K. Puri. aAmritsar :bGuru Nanak University,c1974. a104 p., [2] leaves of plates :bill. ;c22 cm. aBibliography: p. [101]-104.00aUdham Singh,d1899-1940. 0aPunjab (India)xPolitics and governmentxSources.